عرض عادي
عرض مارك
- ابراهيم ،حسني عبد السميع
مدخل إسم شخص
001 - رقم الضبط
- حقل الضبط: 670
003 - معرف رقم الضبط
- حقل الضبط: OSt
005 - تاريخ ووقت أخر عملية
- حقل الضبط: 20110629021701.0
008 - عناصر بيانات ثابتة الطول
- حقل تحكم ثابت الطول: 110629|||a|||||| | ||| d
040 ## - مصدر الفهرسة
- هيئة الفهرسة الأصلية: OSt
- وكالة الكتابة: OSt
100 ## - مدخل -- أسم شخص
- إسم شخص: ابراهيم ،حسني عبد السميع
670 ## - بيانات المصدر موجوده
- الاستشهاد بالمصدر: Work cat.: (OSt): ابراهيم ،حسني عبد السميع, الجرائم المستحدثة عن طريق الانترنت, 2011
